Artículo

Más allá de la letra : literatura argentina y realidad política en la década de 1980 /

Guardado en:
Detalles Bibliográficos
Autor principal: Torre, Claudia
Formato: Artículo
Idioma:español
Materias:

MARC

LEADER 00000Cab#a22000005a#4500
001 022792
005 20250217100839.0
008 110523c2010 ag |||||#|||||||||||spa#d
099 |a P-AR-PRI1 
100 1 |a Torre, Claudia 
245 0 2 |a Más allá de la letra :   |b literatura argentina y realidad política en la década de 1980 /   |c Claudia Torre. 
300 |a p. 177-181 
500 |a En Dossier: Literatura y realidad política, un clásico. 
504 |a Incluye referencias bibliográficas. 
942 |c ANA  |n 0 
600 1 4 |a Viñas, David  |d 1927-2011.   |t Literatura argentina y realidad política 
648 4 |a 1980 
650 7 |a Literatura argentina  |2 ttll 
650 7 |a Crítica literaria  |2 ttll 
650 7 |a Lectura  |2 spines 
999 |c 32262  |d 116062